Länder mit der höchsten Quote an Toten im Zweiten Weltkrieg - Statistiken

Allgemein
  • Dieses Quiz wurde 770 mal gespielt
  • Das Durchschnittsergebnis liegt bei 5 aus 14
Antwortstatistiken
% Gesamt Land % Korrekt
8,2 5.700.000 Deutschland
99%
12,7 13.950.000 Russland
91%
17,1 5.950.000 Polen
84%
16,3 6.850.000 Ukraine
50%
25,3 2.290.000 Belarus
35%
12,5 250.000 Lettland
27%
14,4 370.000 Litauen
27%
9,1 657.000 Griechenland
22%
10,7 660.000 Kasachstan
8%
8,3 300.000 Georgien
5%
14,7 500 Nauru
5%
9,1 300.000 Aserbaidschan
4%
8,4 550.000 Usbekistan
3%
11,5 55.000 Osttimor
1%
Keine übereinstimmenden Quizze gefunden
Verteilung der Resultate
Anzahl Personen mit jedem Resultat
Perzentil nach korrekt beantworteten Fragen
Ihre Resultats-Entwicklung
Sie haben dieses Quiz noch nicht gespielt